000 00787nam a2200265 a 4500
001 19201
003 CO-ViMGA
008 141112s2004 ck r 000 u spa d
020 _a8427714335
040 _aCO-ViMGA
_bspa
_cCO-ViMGA
082 0 4 _a301.41 G172d
100 1 _aGarcia - Mina Freire, Ana
_927566
245 1 0 _aDesarrollo del genero en la feminidad y la masculinidad
260 _aMadrid :
_bNarcea; 2003
300 _a125 p.
490 _aMujeres
590 _aForma de adquisición : Proyecto 2005 - - Precio :
_64.800
650 1 4 _aFEMINIDAD
_927567
650 1 4 _aIDENTIDAD SEXUAL
_927568
650 1 4 _aMASCULINIDAD
_927569
650 1 4 _aMUJERES Y HOMBRES
_927570
650 1 4 _aPSICOLOGIA FEMENINA
_927571
650 1 4 _aPSICOLOGIA MASCULINA
_914643
942 _2ddc
_cBK
999 _c28363
_d28363